Statistieken voor Haagse Stadsdelen op een Kaart

Klik hier om de quiz te nemen!

Algemene statistieken

  • Deze quiz is 26 keer genomen
  • De gemiddelde score is 4 van 8

Antwoorden op de kaart

Antwoorden kleurgecodeerd door een groen-rode schaal op de quizkaart volgens % correct hieronder.
 

Antwoordstatistieken

InwonersStadsdeel% Correct
55.717Scheveningen
95%
100.651Centrum
90%
48.221Leidschenveen-Ypenburg
70%
40.359Laak
55%
120.080Escamp
35%
45.865Loosduinen
30%
44.253Haagse Hout
20%
60.593Segbroek
20%

Scoreverdeling

Percentiel versus Aantal Correcte Antwoorden

Procent van Mensen met Elke Score

Uw Scoregeschiedenis

U heeft deze quiz nog niet genomen